Elektrické teplo
Gespeichert in:
| 1. Verfasser: | |
|---|---|
| Format: | Buch |
| Sprache: | Tschechisch |
| Veröffentlicht: |
Brno :
Vysoké učení technické v Brně,
1988
|
| Ausgabe: | 2. vyd. |
| Tags: |
Keine Tags, Fügen Sie das erste Tag hinzu!
|
MARC
| LEADER | 00000nam a22000003a 4500 | ||
|---|---|---|---|
| 001 | stu25504 | ||
| 005 | 20150617225655.6 | ||
| 008 | 980505s1988------------------------cze-d | ||
| 040 | |a STU |b slo | ||
| 041 | 0 | |a cze | |
| 100 | 1 | |a Plch, Jiří |4 aut | |
| 245 | 1 | |a Elektrické teplo | |
| 250 | |a 2. vyd. | ||
| 260 | |a Brno : |b Vysoké učení technické v Brně, |c 1988 | ||
| 300 | |a 192 s | ||
| 996 | |b 284ES17032 |c E*S-30881 |l EE01 |s A |a 24 |w stu25504_0001 | ||